[Event "5th Marseille Open"]
[Site "Marseille FRA"]
[Date "2012.12.27"]
[Round "4.31"]
[White "Malassagne,Isabelle"]
[Black "Bourgery,W"]
[Result "1/2-1/2"]
[WhiteElo "1909"]
[BlackElo "1766"]

1.d4 d5 2.c4 c6 3.Nf3 Nf6 4.Nc3 dxc4 5.a4 Bf5 6.Ne5 e6 7.f3 h6 8.e4 Bh7 9.Bxc4 Nbd7
10.Nxd7 Qxd7 11.O-O Be7 12.Be3 O-O 13.Qe1 Qc7 14.Rc1 Qa5 15.Nd5 Qd8 16.Nxe7+ Qxe7
17.Ba2 Rfd8 18.Qc3 Rac8 19.Rfd1 Bg6 20.Bf2 Nh5 21.Qe1 Kh7 22.Bh4 f6 23.e5 Nf4
24.Qe3 Nd5 25.exf6 gxf6 26.Bxd5 Rxd5 27.Qb3 Kg7 28.Re1 Qd7 29.Bf2 Re8  1/2-1/2

[Event "XLII Rilton Cup"]
[Site "Stockholm SWE"]
[Date "2012.12.27"]
[Round "1.9"]
[White "Ivanov,Sergey1"]
[Black "Annenkov,K"]
[Result "1-0"]
[WhiteElo "2550"]
[BlackElo "2226"]

1.d4 d5 2.c4 c6 3.Nc3 Nf6 4.Nf3 dxc4 5.a4 Bf5 6.Ne5 e6 7.g3 Na6 8.Bg2 Nb4
9.e4 Bg6 10.O-O Nd3 11.Nxd3 cxd3 12.Qxd3 e5 13.Rd1 Qxd4 14.Qxd4 exd4 15.Rxd4 Ng4
16.e5 h5 17.Bf4 Bc5 18.Rd2 Rd8 19.Rad1 Rxd2 20.Rxd2 h4 21.h3 Nxf2 22.Rxf2 hxg3
23.Bxg3 Bf5 24.Kh2 Bxf2 25.Bxf2 a6 26.Kg3 Rh6 27.a5 Bc2 28.Be4 Bb3 29.h4 Ke7
30.Kf4 f6 31.exf6+ Rxf6+ 32.Kg3 Kf7 33.h5 Kg8 34.Bg6 Rd6 35.Ne4 Rd3+ 36.Kf4 Bc2
37.Nc5 Rd2 38.Be3 Rh2 39.Nxb7 Bxg6 40.hxg6 Rxb2 41.Bb6 Kf8 42.Nc5 Ke7 43.Nxa6 Ra2
44.Nc5 Kf6 45.a6 Kxg6 46.Ke5 Kh5 47.a7 g5 48.Ne6 Kg4 49.Nc7 Kf3 50.a8=Q Rxa8
51.Nxa8 g4 52.Nc7 g3 53.Ne6  1-0

[Event "XLII Rilton Cup"]
[Site "Stockholm SWE"]
[Date "2012.12.27"]
[Round "1.17"]
[White "Olund,Joar"]
[Black "Blomqvist,E"]
[Result "0-1"]
[WhiteElo "2193"]
[BlackElo "2448"]

1.d4 d5 2.c4 c6 3.Nf3 Nf6 4.Nc3 dxc4 5.a4 Bf5 6.Nh4 Bg4 7.h3 Bh5 8.g4 Bg6
9.g5 Nfd7 10.e4 e5 11.dxe5 Nxe5 12.Qxd8+ Kxd8 13.Bf4 Nbd7 14.O-O-O Bh5 15.Rd2 Ke8
16.Bxe5 Nxe5 17.f4 Nd3+ 18.Bxd3 cxd3 19.Rxd3 h6 20.g6 fxg6 21.Rg1 g5 22.fxg5 hxg5
23.Nf5 Rd8 24.Rxd8+ Kxd8 25.Nd4 Bd6 26.Ne6+ Ke7 27.Nxg5 Bf4+ 28.Kc2 Rd8 29.Rg2 a5
30.h4 Be5 31.Ne2 Rd7 32.Rf2 Bxb2 33.Ng3 Bd4 34.Nf5+ Ke8 35.Nxd4 Rxd4 36.Ne6 Rxa4
37.Nxg7+ Ke7 38.Nf5+ Kd7 39.Kd3 c5 40.Ke3 b5 41.Rd2+ Kc7 42.Rd5 Ra3+ 43.Kf4 Rc3
44.Nd6 Be2 45.h5 Kc6 46.Nf5 b4 47.Ng3 Rf3+ 48.Kg4 Re3+ 49.Kf4 Rf3+ 50.Kg4 Rf2+
51.Kg5 Bc4 52.Rd8 Rg2 53.Kf4 a4 54.h6 Rh2 55.Kg5 a3 56.Nh5 a2 57.Ra8 Be2
58.Nf6 b3  0-1

[Event "Australian Open 2013"]
[Site "Cammeray AUS"]
[Date "2013.01.03"]
[Round "2.10"]
[White "Brown,An"]
[Black "Setiabudi,A"]
[Result "1-0"]
[WhiteElo "2261"]
[BlackElo "1949"]

1.d4 d5 2.c4 c6 3.Nc3 Nf6 4.Nf3 dxc4 5.a4 Bf5 6.e3 e6 7.Bxc4 Bb4 8.O-O O-O
9.Qe2 Nbd7 10.e4 Bg6 11.Bd3 Bh5 12.e5 Nd5 13.Nxd5 cxd5 14.Qe3 Re8 15.Ng5 h6
16.Qh3 g6 17.Nxf7 Kxf7 18.g4 Bxg4 19.Qxg4 Rg8 20.Bxh6 Qb6 21.Kh1 Be7 22.Rg1 Nf8
23.Bb5 g5 24.Bxf8 Raxf8 25.Qh5+ Kg7 26.Rxg5+  1-0

[Event "Australian Open 2013"]
[Site "Cammeray AUS"]
[Date "2013.01.04"]
[Round "3.5"]
[White "Luchtmeijer,A"]
[Black "Illingworth,M"]
[Result "0-1"]
[WhiteElo "2108"]
[BlackElo "2408"]

1.d4 d5 2.c4 c6 3.Nf3 Nf6 4.Nc3 dxc4 5.a4 Bf5 6.Ne5 Nbd7 7.Nxc4 Nb6 8.Ne5 a5
9.g3 e6 10.Bg2 Bb4 11.O-O O-O 12.e3 h6 13.Qe2 Bh7 14.Bd2 Nfd7 15.Nxd7 Qxd7
16.Rfc1 e5 17.b3 exd4 18.exd4 Qxd4 19.Be3 Qe5 20.Bxb6 Bxc3 21.Qxe5 Bxe5 22.Ra2 Bf6
23.Rd2 Bf5 24.Bf1 Rfe8 25.Bc4 Bd8 26.Bc5 Be7 27.Bb6 Bb4 28.Rd4 Re7 29.g4 c5
30.Rd8+ Rxd8 31.Bxd8 Rd7 32.Bxa5 Bxg4 33.Bxb4 cxb4 34.Kg2 Bd1 35.Ra1 Rd6
36.a5 Rg6+ 37.Kf1 Bf3 38.Ra4 Rg2 39.Rxb4 g5 40.Rb5 Rxh2 41.Ke1 Rh1+ 42.Kd2 Rd1+
43.Ke3 g4 44.Bd3 Kg7 45.Bf5 h5 46.Bc8 Rd6 47.Kf4 Bc6 48.Rxh5 Rd4+ 49.Kg3 Rb4
50.Bxg4 Rxb3+ 51.f3 Kg6 52.Rc5 Ra3 53.Kf4 Kf6 54.Bh5 Ke6 55.Re5+ Kd6 56.Rf5 Bd5
57.Kg3 Be6 58.Rb5 Bd5 59.Rb6+ Ke5 60.Rb5 Kd4 61.Rb4+ Ke5 62.Rb5 Kd6 63.Rb6+ Bc6
64.Rb2 f6 65.Rd2+ Kc7 66.Re2 Rxa5 67.Bg4 Re5 68.Rh2 Re7 69.Kf4 Rf7 70.Be6 Rf8
71.Rh6 b5 72.Kf5 Bxf3 73.Rxf6 Bg4+  0-1

[Event "XLII Rilton Cup"]
[Site "Stockholm SWE"]
[Date "2013.01.04"]
[Round "8.11"]
[White "Gleizerov,E"]
[Black "Engqvist,T"]
[Result "1-0"]
[WhiteElo "2557"]
[BlackElo "2312"]

1.d4 d5 2.c4 c6 3.Nf3 Nf6 4.Nc3 dxc4 5.a4 Bf5 6.e3 e6 7.Bxc4 Bb4 8.O-O Nbd7
9.Nh4 Bg6 10.Qb3 a5 11.g3 Qb6 12.Nxg6 hxg6 13.Rd1 Bd6 14.e4 Qxb3 15.Bxb3 Bb4
16.f3 O-O 17.Kg2 Rfd8 18.Bg5 Be7 19.Be3 Bb4 20.g4 Ne8 21.Rac1 Nc7 22.h4 Na6
23.f4 Kf8 24.Kf3 Ke8 25.Rh1 Bf8 26.h5 gxh5 27.Rxh5 Nb4 28.Rh8 Ke7 29.d5 e5
30.Rd1 exf4 31.Bxf4 Kf6 32.g5+ Kg6 33.Bc7 Rdc8 34.dxc6 Nc5 35.cxb7 Nxb7 36.Rd7 Kxg5
37.Bf4+ Kf6 38.e5+ Kf5 39.Rh5+ Kg6 40.Bxf7+  1-0

[Event "11th Parsvnath Open"]
[Site "New Delhi IND"]
[Date "2013.01.05"]
[Round "2.16"]
[White "Ashwin,J"]
[Black "Sidhant,M"]
[Result "1-0"]
[WhiteElo "2460"]
[BlackElo "2233"]

1.d4 d5 2.c4 c6 3.Nf3 Nf6 4.Nc3 dxc4 5.a4 Bf5 6.Ne5 Nbd7 7.Nxc4 Nb6 8.Ne5 a5
9.f3 Nfd7 10.e4 Nxe5 11.exf5 Ned7 12.d5 cxd5 13.Bb5 e6 14.Qe2 Bb4 15.fxe6 fxe6
16.Qxe6+ Qe7 17.Qxe7+ Kxe7 18.O-O Rac8 19.Bg5+ Nf6 20.Rfd1 Rhd8 21.Rac1 h6
22.Bh4 Kf7 23.Ne2 Bc5+ 24.Kf1 Be3 25.Rxc8 Rxc8 26.b3 Rc2 27.Be1 Rb2 28.Bxa5 Rxb3
29.Nd4 Bxd4 30.Rxd4 Nc8 31.Rb4 Ra3 32.Rb1 Na7 33.Be2 b5 34.Bd1 Nc6 35.Rxb5 Ra1
36.Ke1  1-0

[Event "Australian Open 2013"]
[Site "Cammeray AUS"]
[Date "2013.01.06"]
[Round "5.9"]
[White "Boyd,T"]
[Black "Chen,Pengyu"]
[Result "1/2-1/2"]
[WhiteElo "2306"]
[BlackElo "2121"]

1.d4 d5 2.c4 c6 3.Nf3 Nf6 4.Nc3 dxc4 5.a4 Bf5 6.e3 e6 7.Bxc4 Bb4 8.O-O Nbd7
9.Qe2 Bg6 10.e4 O-O 11.e5 Nd5 12.Nxd5 cxd5 13.Bd3 Rc8 14.Bg5 Qb6 15.Bxg6 fxg6
16.Be3 Nb8 17.Rfc1 Nc6 18.Rc2 h6 19.h4 Ne7 20.Rac1 Rxc2 21.Rxc2  1/2-1/2

[Event "Australian Open 2013"]
[Site "Cammeray AUS"]
[Date "2013.01.08"]
[Round "7.28"]
[White "Low,F"]
[Black "Setiabudi,A"]
[Result "1/2-1/2"]
[WhiteElo "1791"]
[BlackElo "1949"]

1.d4 d5 2.c4 c6 3.Nc3 Nf6 4.Nf3 dxc4 5.a4 Bf5 6.e3 e6 7.Bxc4 Bb4 8.O-O O-O
9.Qe2 Nbd7 10.e4 Bg6 11.e5 Nd5 12.Ne4 c5 13.Bg5 Qc7 14.Bxd5 exd5 15.Nxc5 Nxc5
16.Rfc1 b6 17.dxc5 bxc5 18.Bd2 Qb7 19.Bxb4 Qxb4 20.Qb5 Qxb5 21.axb5 Rfc8
22.Ra6 Bf5 23.Rc6 Rxc6 24.bxc6 c4 25.Nd4 Be6 26.f4 g6 27.h3 h5 28.Ra1 a5
29.Nb5 Kf8 30.Ra4 Ke7 31.Kf2 Ra6 32.Nd4 Kd8 33.Ke3 Kc7 34.Kd2 Rxc6 35.Rxa5 Rb6
36.Kc3 Rb7 37.Ra6 Kd7 38.Rd6+ Ke7 39.Nc6+ Kf8 40.Nd8 Rb3+ 41.Kc2 Bf5+ 42.Kc1 Be4
43.Nc6 Bxg2 44.Rd8+ Kg7 45.Ne7 Bxh3 46.Ng8 c3 47.Nf6 cxb2+ 48.Kd2 Rd3+ 49.Kc2 Rc3+
50.Kxc3 b1=Q  1/2-1/2

[Event "Australian Open 2013"]
[Site "Cammeray AUS"]
[Date "2013.01.08"]
[Round "7.8"]
[White "Li,Zuhao Luke"]
[Black "Tan,Ju2"]
[Result "1/2-1/2"]
[WhiteElo "2261"]
[BlackElo "2284"]

1.d4 d5 2.c4 c6 3.Nf3 Nf6 4.Nc3 dxc4 5.a4 Bf5 6.Ne5 Na6 7.e3 Nb4 8.Bxc4 e6
9.O-O Bd6 10.Qe2 h6 11.e4 Bh7 12.Nd3 Nxd3 13.Bxd3 Bc7 14.Be3 O-O 15.Rfd1 Ba5
16.f3 a6 17.Rab1 Qe7 18.Na2 Rfd8 19.b4 Bb6 20.Bc4 Rd7 21.Nc3 Rad8 22.Qf2 e5
23.dxe5 Bxe3 24.Qxe3 Qxe5 25.Rxd7 Rxd7 26.Rc1 Bg6 27.Ne2 Qb2 28.Qc3 Rd2 29.Qxb2 Rxb2
30.Nf4 Kf8 31.Nd3 Rd2 32.Nc5 Rb2 33.Nxb7 Rxb4 34.Bxa6 Rxa4 35.Rxc6 Ra1+ 36.Kf2 Ra2+
37.Kg1 Ra1+ 38.Bf1 Rb1 39.Nc5 Ke7 40.Nd3 Bh7 41.Rc1 Rxc1 42.Nxc1 Nd7 43.Bb5 Nc5
44.Nd3 Nxd3 45.Bxd3 f6 46.Kf2 Bg6 47.Ke3 Bf7 48.Kd4 Be8 49.Bc4 Bd7 50.f4 Bc8
51.Be2 Bd7 52.Bh5 Bc8 53.Bg6 Bd7 54.Ke3 Be6 55.Kf3 Bc4 56.e5 Bb3 57.Bf5 Bc4
58.g4 Bb3 59.Bd3 Bd1+ 60.Kg3 fxe5 61.fxe5 Ke6  1/2-1/2

[Event "Australian Open 2013"]
[Site "Cammeray AUS"]
[Date "2013.01.12"]
[Round "10.11"]
[White "Wallis,C"]
[Black "Choong,Y"]
[Result "1/2-1/2"]
[WhiteElo "2283"]
[BlackElo "2161"]

1.d4 d5 2.c4 c6 3.Nf3 Nf6 4.Nc3 dxc4 5.a4 Bf5 6.e3 e6 7.Bxc4 Bb4 8.O-O O-O
9.Qe2 Bg4 10.h3 Bh5 11.Rd1 Nbd7 12.e4 Qe7 13.g4 Bg6 14.Nh4 e5 15.Nxg6 hxg6
16.d5 Rfd8 17.Bg5 Rac8 18.a5 Nc5 19.Qf3 Rd7 20.Bxf6 gxf6 21.Na2 cxd5 22.Nxb4 dxc4
23.Nd5 Rxd5 24.Rxd5 Nb3 25.Rad1 Nd4 26.Qe3 Kg7 27.R1xd4 exd4 28.Qxd4 Re8
29.g5 Qxe4 30.gxf6+ Kg8 31.Qxe4 Rxe4 32.Rd8+ Kh7 33.Rd7 Re5 34.Rxf7+ Kh6
35.Rxb7 Rxa5 36.Rb8 Rf5 37.Rc8 Rxf6 38.Rxc4 Rb6 39.b4 Rb5 40.Kg2 a5 41.bxa5 Rxa5
42.Kg3 Ra3+ 43.Kg4 Ra2 44.Rf4 Rb2 45.h4 Ra2 46.Rf6 Kg7 47.Rf3 Kh6 48.Kg3 Ra1
49.Rb3 Ra2 50.f3 Ra1 51.Rb8 Ra4 52.Re8 Rb4 53.Re4 Rb5 54.Kf4 Rf5+ 55.Kg4 Ra5
56.f4 Ra1 57.Re3 Kg7 58.Rg3 Ra4 59.h5 gxh5+ 60.Kxh5+ Kf8 61.f5 Ra6 62.Rb3 Rc6
63.Kg5 Ra6 64.Rb7 Rc6 65.f6 Rc1 66.Rb8+ Kf7 67.Rb7+ Kf8 68.f7 Rg1+ 69.Kf6 Rf1+
70.Ke5 Rxf7 71.Rxf7+ Kxf7  1/2-1/2

[Event "Australian Open 2013"]
[Site "Cammeray AUS"]
[Date "2013.01.13"]
[Round "11.13"]
[White "Atzmon Simon,B"]
[Black "Smirnov,Ant"]
[Result "1-0"]
[WhiteElo "2092"]
[BlackElo "2207"]

1.d4 d5 2.c4 c6 3.Nf3 Nf6 4.Nc3 dxc4 5.a4 Bf5 6.Ne5 e6 7.f3 Bb4 8.Nxc4 Nd5
9.Bd2 Qh4+ 10.g3 Qxd4 11.e4 Nxc3 12.bxc3 Bxc3 13.Ra2 Bxe4 14.Qc1 Bxf3 15.Bxc3 Qg4
16.Nd6+ Kf8 17.Bg2 Bxg2 18.Rxg2 Nd7 19.O-O f6 20.Qa3 b6 21.Rd2 c5 22.Rf4 Qg6
23.Qb3 Ke7 24.Qd1 Rhb8 25.Rg4 Qh6 26.Nf5+ exf5 27.Rxd7+ Ke8 28.Rgxg7 Qe3+
29.Kf1 Qe6 30.Qh5+  1-0

[Event "38th Seville Open"]
[Site "Seville ESP"]
[Date "2013.01.13"]
[Round "3.20"]
[White "Gomez Rebollo,A"]
[Black "Ducarmon,Q"]
[Result "0-1"]
[WhiteElo "2162"]
[BlackElo "2405"]

1.d4 d5 2.c4 c6 3.Nf3 Nf6 4.Nc3 dxc4 5.a4 Bf5 6.e3 e6 7.Bxc4 Bb4 8.O-O O-O
9.Qe2 Ne4 10.Nxe4 Bxe4 11.Nd2 Bd5 12.e4 Bxc4 13.Qxc4 a5 14.Nf3 Nd7 15.Rd1 Rc8
16.Bg5 Qe8 17.Rac1 Nb6 18.Qb3 c5 19.dxc5 Qxa4 20.Qd3 Rxc5 21.Rxc5 Bxc5 22.b3 Qe8
23.Qc3 Qb5 24.Be3 Bxe3 25.Qxe3 h6 26.h3 Nd7 27.Rc1 Nf6 28.Nd2 Rd8 29.Nc4 a4
30.e5 Nd5 31.Nd6 Qxb3 32.Qxb3 axb3 33.Rb1 b6 34.Rxb3 f6 35.Nc4 Rc8 36.Ne3 Rc1+
37.Kh2 Rc3 38.Rb1 fxe5 39.Nxd5 exd5 40.Rxb6 Kf7 41.g3 d4 42.Kg2 e4 43.Rd6 d3
44.Rd4 Rc1 45.h4 Kf6 46.Rd8 Rd1 47.Rd7 Ke6 48.Rd8 Ke5 49.f4+ Kf5 50.Kf2 Rd2+
51.Ke3 Re2+ 52.Kd4 d2 53.Kc3 e3 54.Kc2 Re1  0-1

[Event "Margaryan Mem 2013"]
[Site "Yerevan ARM"]
[Date "2013.01.14"]
[Round "8.3"]
[White "Baryshpolets,A"]
[Black "Harutyunian,T"]
[Result "1-0"]
[WhiteElo "2502"]
[BlackElo "2358"]

1.d4 d5 2.c4 c6 3.Nf3 Nf6 4.Nc3 dxc4 5.a4 Bf5 6.Ne5 Nbd7 7.Nxc4 Qc7 8.Qd2 Nb6
9.Ne5 e6 10.f3 Bb4 11.e4 Bg6 12.Nd3 Be7 13.Qf2 Nbd7 14.Bf4 Qa5 15.Be2 O-O
16.Bd2 Qc7 17.O-O Rfd8 18.Bf4 Qa5 19.Rfc1 Rdc8 20.b4 Qd8 21.a5 b6 22.Nd1 Qf8
23.axb6 axb6 24.Rxa8 Rxa8 25.Rxc6 Bxb4 26.Nxb4 Qxb4 27.Bf1 h6 28.Rc4 Qa5
29.Nc3 Rd8 30.Qb2 Qa8 31.Ra4 Qb7 32.Ba6 Qc6 33.Bb5 Qb7 34.Qa3 e5 35.Ra7 Qb8
36.dxe5 Nxe5 37.Qe7 Qc8 38.Bxe5 Rd2 39.h3 Rc2 40.Rc7 Qa8 41.Ra7 Qc8 42.Qc7 Qe6
43.Bc4 Qe8 44.Bxf6 gxf6 45.Bd5 Kg7 46.Ra8  1-0

[Event "PSC Cup 2013"]
[Site "Manila PHI"]
[Date "2013.01.15"]
[Round "3.25"]
[White "Mirano,Kevin"]
[Black "Amgalanbaatar,R"]
[Result "1-0"]
[WhiteElo "2037"]
[BlackElo "2097"]

1.d4 Nf6 2.c4 c6 3.Nc3 d5 4.Nf3 dxc4 5.a4 Bf5 6.Ne5 Na6 7.f3 Nd7 8.Nxc4 e5
9.e4 exd4 10.Ne2 Be6 11.Nxd4 Bb4+ 12.Kf2 O-O 13.Be3 Nac5 14.Qc2 Qf6 15.g3 Bxc4
16.Bxc4 Ne5 17.Kg2 Rad8 18.Be2 Ne6 19.Nf5 Ng6 20.Rad1 Ne7 21.Nxe7+ Qxe7 22.Bxa7 c5
23.Bb6 Rd6 24.a5 Ra8 25.e5 Rxd1 26.Rxd1 Nd4 27.Qe4 Nc6 28.a6 Rb8 29.Bc4 Na5
30.a7 Ra8 31.e6 Nxc4 32.exf7+ Kxf7 33.Qxc4+ Kf8 34.Qf4+ Kg8 35.Rd8+ Rxd8
36.Bxd8 Qe2+ 37.Kh3 Qf1+ 38.Kh4 Qa6 39.Be7 h6 40.Qf8+ Kh7 41.a8=Q g5+ 42.Bxg5 hxg5+
43.Kxg5 Qc4 44.f4  1-0

[Event "PSC Cup 2013"]
[Site "Manila PHI"]
[Date "2013.01.19"]
[Round "8.26"]
[White "Olay,E"]
[Black "Fronda,J"]
[Result "1/2-1/2"]
[WhiteElo "2353"]
[BlackElo "2026"]

1.d4 d5 2.c4 c6 3.Nf3 Nf6 4.Nc3 dxc4 5.a4 Bf5 6.e3 e6 7.Bxc4 Bb4 8.O-O O-O
9.Nh4 Bg4 10.f3 Nd5 11.Qe1 Bh5 12.g4 Bg6 13.f4 Nxc3 14.bxc3 Bxc3 15.Qxc3 Qxh4
16.Be2 Be4 17.Bb2 Qh3 18.Rf2 Bd5 19.Ra3 Nd7 20.Qc2 Nf6 21.e4 Bxe4 22.Qd1 Qh4
23.g5 Nd5 24.Qf1 Bf5 25.Rg3 a5 26.Ba3 Rfd8 27.Bc1 Rac8 28.Bd2 c5 29.Rff3 Qh5
30.Rc3 Qg6 31.Rxc5 Rxc5 32.dxc5 Bc2 33.Qf3 Qe4 34.Qxe4 Bxe4 35.Rb3 Rc8 36.Rb5 Ra8
37.Kf2 Nc7 38.Rxa5 Rxa5 39.Bxa5 Na6 40.Bb6 Kf8 41.Ke3 Bc6 42.Bd1 Nb4 43.a5 Nd5+
44.Kd4 Ke7 45.Bf3 Kd7 46.f5 Ne7 47.fxe6+ fxe6 48.Be2 Nf5+ 49.Ke5 Nh4 50.Kf4 Ng6+
51.Ke3 Ne5 52.h3 Bg2 53.h4 h6 54.Kf4 Ng6+ 55.Kg3 hxg5 56.hxg5 Be4 57.Kf2 Ne5
58.Ke3 Bc6 59.Ba7 Kc7 60.Bh5 Kc8 61.Bb6 Kd7 62.Be2 Bd5 63.Bd1 Bc6 64.Bc2 Bd5
65.Kf4 Nc6 66.Ba4 Bh1 67.Bb5 Bd5 68.a6 bxa6 69.Bxa6 Bh1 70.Bb5 Kc8 71.Ba6+ Kd7
72.g6 Bd5 73.Bb5 Kc8 74.Ba6+ Kd7 75.Kg5 Be4 76.Bb5 Ke8  1/2-1/2

[Event "PSC Cup 2013"]
[Site "Manila PHI"]
[Date "2013.01.19"]
[Round "8.5"]
[White "Munkhgal,G"]
[Black "Gomez,Joh"]
[Result "0-1"]
[WhiteElo "2372"]
[BlackElo "2520"]

1.d4 d5 2.c4 c6 3.Nf3 Nf6 4.Nc3 dxc4 5.a4 Bf5 6.e3 e6 7.Bxc4 Bb4 8.O-O O-O
9.Qe2 Nbd7 10.e4 Bg6 11.e5 Nd5 12.Nxd5 cxd5 13.Bd3 Be7 14.Bd2 Nb8 15.Bxg6 fxg6
16.Qb5 Qc8 17.Rfc1 Nc6 18.b4 Qd7 19.Rab1 Rac8 20.Bg5 Bxg5 21.Nxg5 Qe7 22.Nf3 Nxb4
23.Rxc8 Rxc8 24.g3 Rc4 25.Nd2 Rxd4 26.Nf3 Rc4 27.Nd2 a6 28.Qb6 Rc2 29.Rxb4 Rxd2
30.Qd6 Qf7 31.Qb8+ Qf8 32.Rxb7 Rxf2 33.Qxf8+ Rxf8 34.Re7 d4 35.Rxe6 d3 36.Rd6 Re8
37.Rxd3 Rxe5 38.Rd8+ Kf7 39.Rd7+ Kf6 40.Rd6+ Re6 41.Rd5 g5 42.h3 Rc6 43.Kf2 h6
44.Ra5 Ke6 45.Kf3 Kd6 46.Ke3 Rb6 47.Kf3 Kc6 48.Re5 Rb3+ 49.Kf2 Rd3 50.Re4 Rd6
51.Re5 Kb6 52.Ke3 Rf6 53.Rd5 Rf1 54.Ke2 Rh1 55.Kf3 Ra1 56.Rd7 Rxa4 57.Rxg7 Rc4
58.Rg6+ Rc6 59.Rg8 a5 60.h4 gxh4 61.gxh4 Kb5 62.Rb8+ Rb6 63.Ra8 a4 64.Ke3 Kb4
65.Kd2 Kb3 66.Rc8 Rd6+ 67.Ke3 Ra6 68.Kd2 a3 69.Rb8+ Kc4 70.Rc8+ Kd4 71.Rc1 a2
72.Ra1 Ke4 73.Kc2 Kf4 74.Kb2 Kg4 75.Rg1+ Kxh4 76.Ka1 h5 77.Rg8 Kh3 78.Rg5 h4
79.Rg7 Kh2 80.Rc7 Ra3 81.Rg7 h3 82.Rg8 Kh1 83.Rg7 h2 84.Rg8 Re3 85.Kxa2 Re2+
86.Kb3 Rg2 87.Rc8 Rg3+ 88.Kb2 Kg2 89.Rc2+ Kh3 90.Rc1 Rg1 91.Rc3+ Kg4  0-1

[Event "Dvorkovich Mem 2013"]
[Site "Taganrog RUS"]
[Date "2013.01.19"]
[Round "5.30"]
[White "Baraeva,M"]
[Black "Bykov,Egor"]
[Result "1-0"]
[WhiteElo "2187"]
[BlackElo "2047"]

1.d4 d5 2.c4 c6 3.Nc3 Nf6 4.Nf3 dxc4 5.a4 Bf5 6.e3 Nbd7 7.Bxc4 e6 8.O-O Nb6
9.Bd3 Bxd3 10.Qxd3 Nbd5 11.e4 Nb4 12.Qe2 a5 13.Be3 Be7 14.Ne5 O-O 15.f4 Qb6
16.f5 Qa6 17.Nc4 Nd7 18.Rad1 Rad8 19.b3 c5 20.d5 exd5 21.exd5 Nf6 22.Qf3 Nc2
23.d6 Bxd6 24.Rxd6 Rxd6 25.Bxc5 Rdd8 26.Qf2 Nb4 27.Bxf8 Kxf8 28.Qc5+ Kg8
29.Qxa5 Nc6 30.Qxa6 bxa6 31.Ne2 Rd3 32.Nc1 Rc3 33.Rd1 Kf8 34.Nd6 Ng4 35.Re1 Nf6
36.Rd1 Ng4 37.h3 Ne3 38.Re1 Nd4 39.Ne2 Rd3 40.Nxd4 Rxd4 41.Rxe3 Rxd6 42.Kf2 g6
43.fxg6 fxg6 44.Ke2 Kf7 45.Rd3 Re6+ 46.Kd2 Kf6 47.b4 Re4 48.Kc3 a5 49.Rd4 axb4+
50.Rxb4 Re3+ 51.Kc4 Re2 52.g4 Kg5 53.a5 Kh4 54.Rb3 Re4+ 55.Kb5 Re5+ 56.Kb6 Re6+
57.Kc7 h5 58.gxh5 gxh5 59.Ra3 Rg6 60.Kb7 Rg7+ 61.Kc6 Rg6+ 62.Kd5 Ra6 63.Ke4 Kg5
64.Ke5 Ra8 65.Ra4 Re8+ 66.Kd6 Rh8 67.h4+ Kf5 68.a6 Rh6+ 69.Kd5 Rh8 70.a7 Rd8+
71.Kc6 Rh8 72.a8=Q Rxa8 73.Rxa8 Kg4 74.Ra4+  1-0

[Event "TCh-AUT 2012-13"]
[Site "Graz AUT"]
[Date "2013.01.20"]
[Round "7.3"]
[White "Braun,A"]
[Black "Mihok,O"]
[Result "1-0"]
[WhiteElo "2556"]
[BlackElo "2451"]

1.d4 d5 2.c4 c6 3.Nf3 Nf6 4.Nc3 dxc4 5.a4 Bf5 6.e3 e6 7.Bxc4 Bb4 8.O-O Nbd7
9.Nh4 Bg6 10.g3 O-O 11.Nxg6 hxg6 12.Qc2 Qe7 13.Na2 Bd6 14.e4 e5 15.f4 exf4
16.e5 fxg3 17.hxg3 Nxe5 18.dxe5 Qxe5 19.Bf4 Qc5+ 20.Kg2 Nd5 21.Bxd6 Qxd6
22.Rae1 Rae8 23.Qd3 Rxe1 24.Rxe1 Rd8 25.Nc3 Nf4+ 26.gxf4 Qxd3 27.Bxd3 Rxd3
28.Re8+ Kh7 29.Ne4 f6 30.Re7 Rb3 31.Nxf6+ Kh6 32.Ne4 Rxb2+ 33.Kf3 Kh5 34.Nf6+ Kh6
35.Ng4+ Kh7 36.Ne5 Rb3+ 37.Kg4 Rb1 38.Nf3 Kg8 39.Ng5 Kf8 40.Rf7+ Ke8 41.Rxg7 Rb4
42.Ne6 Rxa4 43.Kg5 Ra5+ 44.Kf6  1-0

[Event "Marianske Lazne Open 2013"]
[Site "Marianske Lazne CZE"]
[Date "2013.01.21"]
[Round "3.6"]
[White "Dzupin,D"]
[Black "Fiala,Jan1"]
[Result "1-0"]
[WhiteElo "2211"]
[BlackElo "2096"]

1.d4 d5 2.Nf3 Nf6 3.c4 c6 4.Nc3 dxc4 5.a4 Bf5 6.e3 e6 7.Bxc4 Bb4 8.O-O O-O
9.Qb3 Qb6 10.Na2 Be7 11.Qxb6 axb6 12.b3 Na6 13.Bb2 h6 14.Ne5 Rfd8 15.f3 Nd7
16.Nd3 Nc7 17.e4 b5 18.axb5 cxb5 19.exf5 bxc4 20.bxc4 exf5 21.Nab4 Nb6 22.Rxa8 Rxa8
23.c5 Nc4 24.Ba1 Bf6 25.Nc2 Ra2 26.Ndb4 Ra5 27.Kf2 Ne6 28.Rd1 Na3 29.Ne3 Nb5
30.Ned5 Ra4 31.Ke3 f4+ 32.Ke4 Nbxd4 33.Bxd4 Bxd4 34.Rxd4 Nxd4 35.Kxd4 Ra8
36.Kc4 Re8 37.Kb5 Re2 38.Kb6 Kf8  1-0

[Event "Dvorkovich Mem 2013"]
[Site "Taganrog RUS"]
[Date "2013.01.21"]
[Round "7.12"]
[White "Mandrikin,I"]
[Black "Rozhko,D"]
[Result "0-1"]
[WhiteElo "2273"]
[BlackElo "2341"]

1.d4 d5 2.c4 c6 3.Nf3 Nf6 4.Nc3 dxc4 5.a4 Bf5 6.Ne5 Nbd7 7.Nxc4 Nb6 8.Ne5 a5
9.g3 e6 10.Bg2 Bb4 11.O-O O-O 12.Re1 h6 13.e3 Qe7 14.Bd2 Rfd8 15.Qe2 Nfd7
16.Nd3 e5 17.e4 exd4 18.exf5 Qxe2 19.Rxe2 dxc3 20.Bxc3 Bxc3 21.bxc3 Nc4 22.Rb1 Nf6
23.Nc5 b6 24.Nb7 Rdc8 25.Re7 Rab8 26.Rbe1 b5 27.h3 bxa4 28.g4 Nd5 29.Rd7 Ncb6  0-1

[Event "Dvorkovich Mem 2013"]
[Site "Taganrog RUS"]
[Date "2013.01.21"]
[Round "7.23"]
[White "Baraeva,M"]
[Black "Mikhailov,Se1"]
[Result "1-0"]
[WhiteElo "2187"]
[BlackElo "2377"]

1.d4 d5 2.c4 c6 3.Nc3 Nf6 4.Nf3 dxc4 5.a4 Bf5 6.e3 Nbd7 7.Bxc4 e6 8.O-O Be7
9.Qe2 O-O 10.e4 Bg4 11.Rd1 Re8 12.Be3 Qa5 13.h3 Bh5 14.Rac1 Rac8 15.e5 Nd5
16.Nxd5 cxd5 17.Bb5 Bxf3 18.gxf3 Rcd8 19.Bd2 Bb4 20.Bxb4 Qxb4 21.Rc7 a6 22.Bxd7 Re7
23.Rdc1 Qb6 24.Qd2 a5 25.Qg5 Kf8 26.Qh4 f6 27.exf6 Rexd7 28.Rxd7 Rxd7 29.Rc8+ Kf7
30.fxg7  1-0

[Event "e2e4 West Bromwich Open"]
[Site "West Bromwich ENG"]
[Date "2013.01.26"]
[Round "2"]
[White "Truman,R"]
[Black "Baterdene,Tsogbayar"]
[Result "0-1"]
[WhiteElo "1935"]
[BlackElo "1724"]

1.d4 d5 2.c4 c6 3.Nf3 Nf6 4.Nc3 dxc4 5.a4 Bf5 6.Nh4 Bg4 7.h3 Bh5 8.g4 Bg6
9.Nxg6 hxg6 10.e3 e6 11.Bxc4 Bb4 12.Qf3 Nbd7 13.Bd2 Qc7 14.O-O O-O-O 15.Rfc1 Bxc3
16.bxc3 Rh4 17.e4 Rdh8 18.Bf4 e5 19.Bg3 Rxh3 20.Bxf7 exd4 21.cxd4 Rh1+ 22.Kg2 R8h2+  0-1

[Event "TCh-HUN 2012-13"]
[Site "Decs HUN"]
[Date "2013.01.27"]
[Round "6"]
[White "Keresztes,R"]
[Black "Straubinger,D"]
[Result "1/2-1/2"]
[WhiteElo "2237"]
[BlackElo "2268"]

1.d4 d5 2.c4 c6 3.Nc3 Nf6 4.Nf3 dxc4 5.a4 Bf5 6.e3 e6 7.Bxc4 Bb4 8.O-O O-O
9.Qb3 Qe7 10.Bd2 Bd6 11.Ne5 Qc7 12.f4 Qb6 13.Qd1 Bxe5 14.fxe5 Nfd7 15.a5 Qc7
16.b4 b6 17.Qf3 a6 18.Rfc1 Ra7 19.h4 h6 20.Ne2 Qd8 21.Be1 Qe7 22.e4 Bh7 23.Nf4 bxa5
24.Rxa5 c5 25.bxc5 Nc6 26.Raa1 Nxd4 27.Qe3 Nc6 28.Rxa6 Rxa6 29.Bxa6 Ndxe5
30.Nd3 Ng4 31.Qf4 h5 32.g3 e5 33.Qf3 Nd4 34.Qg2 Qf6 35.Bb7 Qe7 36.c6 Ne3
37.Qf2 Ng4 38.Qg2  1/2-1/2

[Event "18th HIT Open A 2013"]
[Site "Nova Gorica SLO"]
[Date "2013.01.27"]
[Round "4.6"]
[White "Unuk,Laura"]
[Black "Kersic,M"]
[Result "0-1"]
[WhiteElo "2008"]
[BlackElo "2204"]

1.d4 d5 2.c4 c6 3.Nf3 Nf6 4.Nc3 dxc4 5.a4 Bf5 6.e3 Bd3 7.Bxd3 cxd3 8.Qxd3 e6
9.O-O Be7 10.e4 O-O 11.Bg5 h6 12.Bh4 Na6 13.Rad1 Nb4 14.Qe2 Re8 15.Ne5 Nd7
16.Bxe7 Qxe7 17.Nxd7 Qxd7 18.f4 a5 19.e5 Qe7 20.Ne4 Rad8 21.Rf3 Nd5 22.Qf2 f5
23.exf6 Nxf6 24.Re1 Nxe4 25.Rxe4 Qf6 26.Re5 Rd5 27.Qe3 Red8 28.h3 Rxd4 29.Rxe6 Qf5
30.b3 Rd1+ 31.Kf2 R8d3 32.Re8+ Kh7 33.Qb6 Rxf3+ 34.Kxf3 Rf1+ 35.Ke2 Rxf4
36.Qe3 Rb4 37.g4 Qc2+ 38.Kf1 Rxb3  0-1

[Event "e2e4 West Bromwich Open"]
[Site "West Bromwich ENG"]
[Date "2013.01.27"]
[Round "5"]
[White "Gibson,Ch"]
[Black "Baterdene,Tsogbayar"]
[Result "0-1"]
[WhiteElo "1963"]
[BlackElo "1724"]

1.d4 d5 2.c4 c6 3.Nf3 Nf6 4.Nc3 dxc4 5.a4 Bf5 6.e3 e6 7.Bxc4 Bb4 8.O-O O-O
9.Nh4 Bg4 10.f3 Bh5 11.g4 Bg6 12.Ng2 Nbd7 13.e4 e5 14.d5 Nb6 15.Ba2 cxd5
16.Nxd5 Nfxd5 17.exd5 Qd6 18.Bd2 Rad8 19.a5 Bc5+ 20.Be3 Nxd5 21.Qxd5 Qxd5
22.Bxd5 Rxd5 23.Rfd1 Bd4 24.a6 b6 25.Rac1 Rfd8 26.Kh1 h6 27.Bxd4 Rxd4 28.Rxd4 exd4
29.Nf4 d3 30.Rd1 d2 31.Nxg6 fxg6 32.Kg2 Kf7 33.Kf2 Kf6 34.Ke3 g5 35.Rxd2 Rxd2
36.Kxd2 Ke5 37.Ke3 g6 38.h3 h5 39.Ke2 Kf4 40.Kf2 b5 41.gxh5 gxh5 42.Kg2 Ke3
43.Kg3 b4 44.b3 Kd4 45.h4 gxh4+ 46.Kxh4 Ke3 47.Kxh5 Kxf3 48.Kg6 Ke4 49.Kf7 Kd4
50.Ke7 Kc3 51.Kd7 Kxb3 52.Kc7 Ka4 53.Kb7 b3 54.Kxa7 b2 55.Ka8 b1=Q 56.a7 Qe4+
57.Kb8 Qe8+ 58.Kb7 Qd7+ 59.Kb8 Ka5 60.a8=Q+ Kb6 61.Qc6+ Kxc6 62.Ka8 Qb7+  0-1

[Event "Asian Zone 3.3"]
[Site "Tagaytay City PHI"]
[Date "2013.01.28"]
[Round "8.14"]
[White "Tran Tuan Minh"]
[Black "Villanueva,N"]
[Result "0-1"]
[WhiteElo "2306"]
[BlackElo "2268"]

1.d4 d5 2.c4 c6 3.Nc3 Nf6 4.Nf3 dxc4 5.a4 Bf5 6.e3 e6 7.Bxc4 Bb4 8.O-O Nbd7
9.Qb3 a5 10.Na2 Be7 11.Nh4 Bg4 12.h3 Bh5 13.Nc3 Bb4 14.Na2 Bd6 15.Nc3 O-O
16.Bxe6 Nb6 17.Nf5 Bc7 18.Bc4 Nxc4 19.Qxc4 Qd7 20.Nh4 g5 21.Qc5 h6 22.Nf5 Kh7
23.e4 Bg6 24.Nxh6 Kxh6 25.Bxg5+ Kg7 26.Bxf6+ Kxf6 27.f4 Kg7 28.f5 Bh7 29.Rad1 f6
30.g4 Bg8 31.e5 b6 32.Qa3 Bc4 33.Rfe1 Kh8 34.Ne4 Qh7 35.Nxf6 Qh4 36.Ne4 Rxf5
37.gxf5 Rg8+ 38.Kh2 Qf4+ 39.Kh1 Bd5 40.Qe3 Qh4 41.Kh2 Bxe4 42.Qxe4 Qg3+  0-1